| 000 | 00491nam a22001697a 4500 | ||
|---|---|---|---|
| 003 | OSt | ||
| 005 | 20260421063924.0 | ||
| 008 | 260421b |||||||| |||| 00| 0 eng d | ||
| 040 |
_aDWCL-Main lib _cOC |
||
| 082 | _aCirc. 200 F316r | ||
| 100 | _aFedotov , George P. | ||
| 245 |
_aThe Russian religious mind/ _cFedotov, George P. |
||
| 260 |
_aNew York : _bHarper torchbooks, _cc1960. |
||
| 300 |
_axvi 431 page. ; _c20 cm. |
||
| 504 | _ainclude index. | ||
| 942 |
_2ddc _cBK-CIRC _hCirc. _n0 |
||
| 999 |
_c9570 _d9570 |
||